ATP Men's Tennis End of Year Rankings 2008 - Statistics

General Stats
  • This quiz has been taken 49 times
  • The average score is 19 of 30
Answer Stats
Rank Country Points Player % Correct
2 Switzerland 5,305 Roger Federer
100%
4 United Kingdom 3,720 Andy Murray
98%
1 Spain 6,675 Rafael Nadal
98%
3 Serbia 5,295 Novak Djokovic
96%
9 Argentina 1,945 Juan Martín Del Potro
88%
6 France 2,050 Jo-Wilfried Tsonga
85%
8 United States 1,970 Andy Roddick
83%
12 Spain 1,695 David Ferrer
83%
14 France 1,475 Gael Monfils
81%
13 Switzerland 1,510 Stan Wawrinka
81%
23 Croatia 1,175 Marin Cilic
75%
25 France 1,160 Richard Gasquet
71%
20 Czech Republic 1,215 Tomas Berdych
71%
7 France 1,980 Gilles Simon
67%
29 Russia 1,025 Marat Safin
65%
10 United States 1,775 James Blake
63%
17 Sweden 1,325 Robin Soderling
63%
11 Argentina 1,725 David Nalbandian
60%
5 Russia 2,715 Nikolay Davydenko
60%
15 Chile 1,420 Fernando Gonzalez
58%
16 Spain 1,415 Fernando Verdasco
58%
24 United States 1,165 Mardy Fish
50%
30 Spain 1,005 Feliciano Lopez
44%
28 Germany 1,115 Philipp Kohlschreiber
44%
27 Czech Republic 1,130 Radek Stepanek
42%
26 Croatia 1,140 Ivo Karlovic
38%
18 Spain 1,270 Nicolas Almagro
38%
21 Spain 1,195 Tommy Robredo
38%
19 Russia 1,245 Igor Andreev
13%
22 Russia 1,180 Dmitriy Tursunov
10%
No matching quizzes found
Score Distribution
Percent of People with Each Score
Percentile by Number Answered
Your Score History
You have not taken this quiz